Vlastní náklady a ceny

Saved in:
Bibliographic Details
Main Author: Zahradníček, Ivan
Other Authors: France, Karol
Format: Book
Language:Czech
Published: Praha Státní nakladatelství technické literatury 1987
Tags: Add Tag
No Tags, Be the first to tag this record!

MARC

LEADER 00000nam a2200000 4500
001 c111664
005 20041019155150.5
041 0 |a cze 
044 |a CZ 
245 1 0 |a Vlastní náklady a ceny  |c Ivan Zahradníček, Karol France a kol. 
264 1 |a Praha  |b Státní nakladatelství technické literatury  |c 1987 
300 |a 217 s. 
100 1 |a Zahradníček, Ivan 
700 1 |a France, Karol